00229nam a2200073Ia 4500008004100000082000800041100004900049245005700098240331s9999 xx 000 0 und d bSTU aSri Lanka Federation of University Women. ed 4aThe study of unemployment among women arts graduates